Loading...
Literature - American Literature | 0 | 6 | 1 | 0 | 55 | 62 | 97.50 | 1 | 2 |
Literature - European Literature | 0 | 4 | 0 | 0 | 40 | 97 | 117.25 | 0 | 0 |
Literature - British Literature | 0 | 4 | 0 | 0 | 40 | 42 | 102.00 | 1 | 1 |
Fine Arts - Other Fine Arts | 0 | 2 | 0 | 0 | 20 | 115 | 116.50 | 0 | 0 |
Pop Culture | 0 | 2 | 0 | 0 | 20 | 42 | 64.50 | 1 | 1 |
Social Science | 0 | 1 | 0 | 1 | 10 | 118 | 118.00 | 0 | 0 |
Geography/Current Events | 0 | 1 | 0 | 0 | 10 | 68 | 68.00 | 1 | 1 |
History - American History | 0 | 1 | 0 | 0 | 10 | 30 | 30.00 | 1 | 1 |
Science - Biology | 0 | 1 | 0 | 0 | 10 | 114 | 114.00 | 0 | 0 |
Science - Other Science | 0 | 1 | 0 | 1 | 10 | 122 | 122.00 | 0 | 0 |
Fine Arts - Classical Music | 0 | 1 | 0 | 0 | 10 | 133 | 133.00 | 0 | 0 |
Fine Arts - Visual Fine Arts | 0 | 1 | 1 | 0 | 5 | 112 | 112.00 | 0 | 0 |
History - World History | 0 | 0 | 1 | 0 | -5 | 0.00 | 0 | 0 | |
Mythology | 0 | 0 | 1 | 0 | -5 | 0.00 | 0 | 0 | |
Literature - World/Other Literature | 0 | 0 | 2 | 0 | -10 | 0.00 | 0 | 0 |